LEADER 04130 am 2200961 n 450 001 9910495701303321 005 20231012180151.0 010 $a979-1-03-000626-1 024 7 $a10.4000/books.pub.16148 035 $a(CKB)4100000011289046 035 $a(FrMaCLE)OB-pub-16148 035 $a(oapen)https://directory.doabooks.org/handle/20.500.12854/86100 035 $a(PPN)248497863 035 $a(EXLCZ)994100000011289046 100 $a20200608j|||||||| ||| 0 101 0 $afre 135 $auu||||||m|||| 181 $ctxt$2rdacontent 182 $cc$2rdamedia 183 $acr$2rdacarrier 200 10$aAhmadou Kourouma : mémoire vivante de la géopolitique en Afrique /$fJean-Fernand Bédia, Jean-Francis Ekoungoun 210 $aPessac $cPresses Universitaires de Bordeaux$d2020 215 $a1 online resource (242 p.) 225 1 $aEidôlon 311 $a979-1-0910-5214-6 330 $aCe livre, consacré à l??uvre d?Ahmadou Kourouma, prend pour thème majeur la géopolitique, sorte de téléologie cristallisant la carrière de l?écrivain, dont l?« essentiel », pour lui, semble avoir été éludé au profit d?une approche longtemps fascinée par sa créativité formelle et linguistique. Derrière cet horizon d?attente, se forme un magma d?idées et de paradigmes éculés, comme le rapport du romancier ivoirien à la langue du colonisateur et son aversion pour les régimes dictatoriaux africains. Pareille lecture, au contraire de toutes les gloses élogieuses à l?égard d?Ahmadou Kourouma, fait courir le risque de la marginalisation dans l?histoire des idées à la critique consacrée à l?ensemble de ses romans. Questionner l??uvre sous le prisme de la géopolitique et de la question postcoloniale permet de la saisir, tout comme son auteur, loin des fantasmes dominants d?une herméneutique qui s?est fossilisée, au fil du temps, dans des grilles de lecture qui ont parfois donné l?impression, même à Kourouma de son vivant, de se trouver devant une impasse. 517 $aAhmadou Kourouma 517 $aAhmadou Kourouma  606 $aHistory 606 $aroman 606 $agéopolitique 606 $acolonialisme 606 $apostcolonialisme 606 $afrancophonie 606 $alittérature francophone 606 $ahorizon d?attente 606 $alangue d?écriture 606 $anéocolonialisme 606 $ahistoire des idées 610 $aroman 610 $agéopolitique 610 $acolonialisme 610 $apostcolonialisme 610 $afrancophonie 610 $alittérature francophone 610 $ahorizon d?attente 610 $alangue d?écriture 610 $anéocolonialisme 610 $ahistoire des idées 615 4$aHistory 615 4$aroman 615 4$agéopolitique 615 4$acolonialisme 615 4$apostcolonialisme 615 4$afrancophonie 615 4$alittérature francophone 615 4$ahorizon d?attente 615 4$alangue d?écriture 615 4$anéocolonialisme 615 4$ahistoire des idées 700 $aAmabiamina$b Flora$01291980 701 $aBassiouni$b Nahla$01291981 701 $aBédia$b Jean-Fernand$01291982 701 $aBoumaajoune$b Jaouad$01291983 701 $aCissé$b Ismaïla$01291984 701 $aEkoungoun$b Jean-Francis$01291985 701 $aFriedli$b Lisa$01291986 701 $aGuédalla$b Oumar$01291987 701 $aJames-Raoul$b Danièle$01283404 701 $aKouamé Dago$b Honoré$01291988 701 $aLattro$b Tite$01291989 701 $aS. Diop$b Cheikh M$01291990 701 $aSiendou$b Konaté$01291991 701 $aSissao$b Alain Joseph$01291992 701 $aSou$b Benjamin$01291993 701 $aTaba Odounga$b Didier$01291994 701 $aBédia$b Jean-Fernand$01291982 701 $aEkoungoun$b Jean-Francis$01291985 801 0$bFR-FrMaCLE 906 $aBOOK 912 $a9910495701303321 996 $aAhmadou Kourouma : mémoire vivante de la géopolitique en Afrique$93022105 997 $aUNINA LEADER 01737oam 2200493z- 450 001 9910694009103321 005 20110503081751.0 035 $a(CKB)5470000000941014 035 $a(WsH)alqmfisxt 035 $a(BIP)013906866 035 $a(EXLCZ)995470000000941014 100 $a20211006c2006uuuu -u- - 101 0 $aeng 200 10$aAl-Qaeda $ethe many faces of an Islamist extremist threat : report of the U.S. House Permanent Select Committee on Intelligence, approved June 2006, together with additional and minority views, submitted September 2006 210 $cWashington: U.S. Gvt. Printing Office 215 $a1 online resource (47 p.) $cill 311 $a0-16-076897-7 330 8 $aProvides an overview of information about Al-Qaeda and related terrorist groups. 517 $aAl-Qaeda 606 $aTerrorism$xReligious aspects$xIslam 606 $aJihad 606 $aIslamic fundamentalism 606 $aWar on Terrorism, 2001-2009 606 $aNational security$zUnited States 610 $aBin laden, osama, 1957-2011 610 $aQaida (organization) 610 $aTerrorism 610 $aJihad 610 $aIslamic fundamentalism 610 $aWar on terrorism, 2001-2009 610 $aNational security 610 $aBiography & autobiography 610 $aPolitical science 610 $aReligion 615 0$aTerrorism$xReligious aspects$xIslam. 615 0$aJihad. 615 0$aIslamic fundamentalism. 615 0$aWar on Terrorism, 2001-2009. 615 0$aNational security 712 02$aUnited States, Congress House Permanent Select Committee on Intelligence,$4oth 906 $aBOOK 912 $a9910694009103321 996 $aAl Qaeda$9845630 997 $aUNINA